[Event "Kragero op"]
[Site "Kragero"]
[Date "2022.02.23"]
[Round "1"]
[White "Lien, Sebastian"]
[Black "Madsen, Morten L"]
[Result "1-0"]
[WhiteElo "1532"]
[BlackElo "1828"]
[PlyCount "57"]
[EventDate "2022.02.23"]
[EventType "swiss"]
[EventRounds "9"]
[EventCountry "NOR"]
[SourceTitle "EXT 2023"]
[Source "ChessBase"]
[SourceDate "2022.10.05"]
[SourceVersion "1"]
[SourceVersionDate "2022.10.05"]
[SourceQuality "1"]

1. d4 Nf6 2. c4 c5 3. d5 b5 4. cxb5 a6 5. e3 d6 6. Nc3 g6 7. Nf3 Bg7 8. Be2 0-0 9. 0-0 Nbd7 10. Bd2 Nb6 11. e4 Re8 12. a4 axb5 13. Bxb5 Bd7 14. Bxd7 Qxd7 15. Re1 Reb8 16. b3 Ng4 17. Rb1 c4 18. h3 Ne5 19. Nxe5 Bxe5 20. bxc4 Nxc4 21. Rxb8+ Rxb8 22. Nb5 Nb2 23. Qb3 Nxa4 24. Qxa4 Rxb5 25. Bh6 Qb7 26. Rc1 Bf4 27. Qxb5 Bxh6 28. Qxb7 Bxc1 29. Qc8+ 1-0

[Event "NOR-chT 1516"]
[Site "Norway"]
[Date "2016.03.04"]
[Round "7.5"]
[White "Nilsen, Martin"]
[Black "Madsen, Morten L"]
[Result "0-1"]
[WhiteElo "2096"]
[BlackElo "1832"]
[PlyCount "112"]
[EventDate "2015.10.30"]
[EventType "team-tourn"]
[EventRounds "9"]
[EventCountry "NOR"]
[SourceTitle "EXT 2017"]
[Source "ChessBase"]
[SourceDate "2016.10.25"]
[SourceVersion "1"]
[SourceVersionDate "2016.10.25"]
[SourceQuality "1"]
[WhiteTeam "OSS"]
[BlackTeam "Sotra"]
[WhiteTeamCountry "NOR"]
[BlackTeamCountry "NOR"]

1. e3 d5 2. c4 c6 3. Nf3 Nf6 4. d4 e6 5. Nc3 Nbd7 6. Bd3 dxc4 7. Bxc4 Nb6 8. Bd3 c5 9. Qc2 Bd7 10. 0-0 Rc8 11. Rd1 cxd4 12. Nxd4 Bb4 13. Qb3 Bxc3 14. bxc3 0-0 15. a4 e5 16. Nf5 Bxf5 17. Bxf5 Rxc3 18. Rxd8 Rxb3 19. Rxf8+ Kxf8 20. Ba3+ Ke8 21. a5 Nc4 22. Bc5 g6 23. Bc2 Rb2 24. Ba4+ Kd8 25. Rc1 b6 26. Rd1+ Kc7 27. Be7 Ne4 28. Rd7+ Kc8 29. g3 Nxf2 30. Rd8+ Kc7 31. Rd7+ Kc8 32. Rxa7 Nxe3 33. Bd7+ Kb8 34. axb6 Nc4 35. Bc5 Nd3 36. Bf2 Nxf2 37. Bc6 Nh3+ 38. Kh1 Rxb6 39. Ra8+ Kc7 40. Bd5 Ne3 41. Ra7+ Kd6 42. Ra1 Nxd5 43. g4 Nf2+ 44. Kg2 Nxg4 45. Kh3 h5 46. Ra8 g5 47. Ra3 f5 48. Rd3 Nf2+ 49. Kg3 Nxd3 50. Kg2 N5f4+ 51. Kf3 e4+ 52. Ke3 Kd5 53. Kd2 Kd4 54. h4 Rb2+ 55. Kd1 Kc3 56. hxg5 Rd2# 0-1

[Event "NOR-ch Class1"]
[Site "Oslo"]
[Date "2015.07.04"]
[Round "1"]
[White "Danielsen, Magnus"]
[Black "Madsen, Morten L"]
[Result "1-0"]
[WhiteElo "1892"]
[BlackElo "1786"]
[PlyCount "57"]
[EventDate "2015.07.04"]
[EventType "swiss"]
[EventRounds "9"]
[EventCountry "NOR"]
[SourceTitle "EXT 2017"]
[Source "ChessBase"]
[SourceDate "2016.10.25"]
[SourceVersion "1"]
[SourceVersionDate "2016.10.25"]
[SourceQuality "1"]

1. e4 d5 2. exd5 Qxd5 3. Nf3 Nf6 4. d4 c6 5. Be2 Bf5 6. 0-0 Nbd7 7. c4 Qd6 8. Nc3 e6 9. Qb3 b6 10. Rd1 Be7 11. Bg5 0-0 12. Bh4 Qc7 13. Bg3 Bd6 14. Bxd6 Qxd6 15. Rd2 Rfd8 16. Rad1 Ne4 17. Nxe4 Bxe4 18. Qe3 Bf5 19. Ne5 Nxe5 20. dxe5 Qc7 21. Bf3 Kf8 22. c5 Rxd2 23. Rxd2 Rd8 24. Rd6 bxc5 25. Qxc5 Rxd6 26. exd6 Qd8 27. Bxc6 f6 28. d7+ Kf7 29. Qxa7 1-0

[Event "Sotra Varturneringen"]
[Site "Sotra"]
[Date "2006.01.26"]
[Round "2"]
[White "Madsen, Morten L"]
[Black "Brattetveit, Kenneth"]
[Result "0-1"]
[WhiteElo "1549"]
[BlackElo "1648"]
[PlyCount "66"]
[EventDate "2006.01.19"]
[EventType "swiss"]
[EventRounds "9"]
[EventCountry "NOR"]
[SourceTitle "EXT 2007"]
[Source "ChessBase"]
[SourceDate "2006.11.23"]
[SourceVersion "1"]
[SourceVersionDate "2006.11.23"]
[SourceQuality "1"]

1. e4 e6 2. d4 d5 3. Nc3 Bb4 4. e5 c5 5. a3 Bxc3+ 6. bxc3 Ne7 7. f4 Qc7 8. Nf3 Bd7 9. Be2 Ba4 10. Bd3 cxd4 11. cxd4 Qc3+ 12. Bd2 Qxd3 13. cxd3 Bxd1 14. Rxd1 Nbc6 15. Rb1 b6 16. Rc1 h6 17. Kf2 Kd7 18. Rc2 Rac8 19. Rhc1 Nf5 20. Bc3 Nb8 21. g4 Ne7 22. Bb4 Rxc2+ 23. Rxc2 Nec6 24. Bd6 Na6 25. h4 Nc7 26. a4 Rc8 27. Ke3 a6 28. h5 b5 29. axb5 Nxb5 30. Bc5 a5 31. Nd2 Ncxd4 32. Rc1 a4 33. Nf3 Nb3 0-1

[Event "NOR-chB"]
[Site "Stavanger"]
[Date "2005.07.04"]
[Round "4"]
[White "Madsen, Morten L"]
[Black "Svendsen, Magne"]
[Result "1-0"]
[WhiteElo "1597"]
[BlackElo "1494"]
[PlyCount "91"]
[EventDate "2005.07.01"]
[EventType "swiss"]
[EventRounds "9"]
[EventCountry "NOR"]
[SourceTitle "CBM 107 Extra"]
[Source "ChessBase"]
[SourceDate "2005.09.01"]
[SourceVersion "1"]
[SourceVersionDate "2005.09.01"]
[SourceQuality "1"]

1. e4 d6 2. d4 Nd7 3. Bc4 e5 4. Nf3 h6 5. dxe5 Qe7 6. Nc3 dxe5 7. Be3 c6 8. Bb3 Ngf6 9. h3 Nc5 10. Bxc5 Qxc5 11. Qe2 Qe7 12. Rd1 Qc7 13. a3 Bc5 14. Qc4 Bb6 15. Qe2 0-0 16. Na4 Ba5+ 17. Nc3 Bxc3+ 18. bxc3 Bd7 19. 0-0 Rfd8 20. g4 Qa5 21. Qe3 Qxa3 22. Nxe5 Qe7 23. Bxf7+ Kh7 24. Bg6+ Kg8 25. Bf7+ Kh7 26. Bg6+ Kg8 27. Nf7 Rf8 28. Nd6 Nd5 29. exd5 Qxd6 30. dxc6 Qxc6 31. Be4 Qc7 32. Bd5+ Kh8 33. c4 a6 34. Rd3 Rae8 35. Qd2 Bc8 36. g5 hxg5 37. Qxg5 Qb6 38. Rd4 Be6 39. Rh4+ Kg8 40. Qg6 Re7 41. c5 Rf6 42. Qh7+ Kf8 43. cxb6 Bxd5 44. Rg4 Ke8 45. Rxg7 Ree6 46. Qh5+ 1-0

[Event "Sotra op3"]
[Site "Sotra"]
[Date "2004.09.02"]
[Round "1"]
[White "Madsen, Morten L"]
[Black "Frimanslund, Berge"]
[Result "1-0"]
[WhiteElo "1574"]
[BlackElo "1052"]
[PlyCount "38"]
[EventDate "2004.09.02"]
[EventType "swiss"]
[EventRounds "9"]
[EventCountry "NOR"]
[SourceTitle "EXT 2008"]
[Source "ChessBase"]
[SourceDate "2007.11.25"]
[SourceVersion "1"]
[SourceVersionDate "2007.11.25"]
[SourceQuality "1"]

1. e4 e5 2. Nf3 d6 3. Bc4 Bg4 4. d4 Bxf3 5. Qxf3 Qf6 6. Qb3 b6 7. d5 a6 8. Qa4+ c6 9. dxc6 b5 10. Bxb5 Qe7 11. c7+ Nd7 12. Qxa6 Rxa6 13. c8Q+ Qd8 14. Qxa6 Ngf6 15. Bg5 Be7 16. Bxf6 Bxf6 17. Qxd6 Qa5+ 18. Nc3 Qd8 19. Nd5 Qe7 1-0

[Event "Sotra op1"]
[Site "Sotra"]
[Date "2004.02.26"]
[Round "5"]
[White "Eriksen, Tommy"]
[Black "Madsen, Morten L"]
[Result "1-0"]
[WhiteElo "1525"]
[BlackElo "1587"]
[PlyCount "51"]
[EventDate "2004.01.15"]
[EventType "swiss"]
[EventRounds "9"]
[EventCountry "NOR"]
[SourceTitle "EXT 2008"]
[Source "ChessBase"]
[SourceDate "2007.11.25"]
[SourceVersion "1"]
[SourceVersionDate "2007.11.25"]
[SourceQuality "1"]

1. d4 d5 2. Nf3 c6 3. Bf4 Nf6 4. e3 Nbd7 5. Bd3 e6 6. 0-0 Be7 7. c4 dxc4 8. Bxc4 Nd5 9. Bxd5 exd5 10. Nc3 0-0 11. Rc1 Re8 12. Qc2 Nf6 13. h3 Be6 14. Ng5 Bd7 15. Be5 h6 16. Nf3 g6 17. Rfe1 Kh7 18. Nd2 Bf5 19. Qb3 Qd7 20. e4 dxe4 21. Qxf7+ Kh8 22. Bxf6+ Bxf6 23. Qxf6+ Kh7 24. Ndxe4 Rf8 25. Qe5 Rae8 26. Nf6+ 1-0

[Event "Sotra op1"]
[Site "Sotra"]
[Date "2004.01.22"]
[Round "2"]
[White "Kallesoe, Torben"]
[Black "Madsen, Morten L"]
[Result "1/2-1/2"]
[WhiteElo "1321"]
[BlackElo "1587"]
[PlyCount "110"]
[EventDate "2004.01.15"]
[EventType "swiss"]
[EventRounds "9"]
[EventCountry "NOR"]
[SourceTitle "EXT 2008"]
[Source "ChessBase"]
[SourceDate "2007.11.25"]
[SourceVersion "1"]
[SourceVersionDate "2007.11.25"]
[SourceQuality "1"]

1. d4 d5 2. Nf3 c6 3. c4 e6 4. Nc3 Nf6 5. Bg5 Be7 6. e3 0-0 7. Bd3 dxc4 8. Bxc4 Nd5 9. Bxe7 Qxe7 10. 0-0 Nd7 11. Qc2 Nxc3 12. bxc3 c5 13. Rfd1 Rd8 14. Bd3 h6 15. a4 b6 16. Be4 Rb8 17. Rdb1 Bb7 18. Bxb7 Rxb7 19. Qd3 e5 20. Qe4 Rbb8 21. Rd1 f6 22. d5 Qf7 23. Nh4 Nf8 24. Nf5 Rd7 25. c4 Kh8 26. Rab1 Ng6 27. a5 Ne7 28. Nxe7 Qxe7 29. Rb5 Rd6 30. Rdb1 Qc7 31. R1b3 a6 32. axb6 Rdxb6 33. Rxb6 Rxb6 34. Qb1 Rxb3 35. Qxb3 Kg8 36. f3 Kf8 37. e4 Ke7 38. Kf2 Kd6 39. Ke3 Kd7 40. Qa4+ Kd8 41. Qxa6 Qb8 42. Qa5+ Ke7 43. Qxc5+ Kf7 44. Qb5 Qa7+ 45. Ke2 Qa2+ 46. Kf1 Qa1+ 47. Kf2 Qd4+ 48. Kg3 Qd2 49. Qd7+ Kf8 50. d6 g5 51. Qe7+ Kg8 52. Kh3 h5 53. Qe6+ Kg7 54. g3 Qf2 55. Qe7+ Kg8 1/2-1/2

[Event "Sotra Hostturneringen"]
[Site "Sotra"]
[Date "2003.08.28"]
[Round "1"]
[White "Fjeldstad, Kay Ove"]
[Black "Madsen, Morten L"]
[Result "1/2-1/2"]
[WhiteElo "1227"]
[BlackElo "1647"]
[PlyCount "44"]
[EventDate "2003.08.??"]
[EventType "swiss"]
[EventRounds "10"]
[EventCountry "NOR"]
[SourceTitle "EXT 2005"]
[Source "ChessBase"]
[SourceDate "2004.11.15"]
[SourceVersion "1"]
[SourceVersionDate "2004.11.15"]
[SourceQuality "1"]

1. e4 e5 2. Nf3 f5 3. Nxe5 Qf6 4. d4 d6 5. Nc4 fxe4 6. Nc3 Bf5 7. Ne3 c6 8. d5 Be7 9. Qh5+ Bg6 10. Qg4 Nh6 11. Qc8+ Bd8 12. Qxb7 0-0 13. Ncd1 Bh5 14. Be2 Bxe2 15. Kxe2 Qf7 16. Qxa8 Qc7 17. Nc4 Nf5 18. c3 Ne7 19. Be3 c5 20. Na5 Na6 21. b4 cxb4 22. Nc6 Nxd5 1/2-1/2

[Event "Sotra Varturneringen"]
[Site "Sotra"]
[Date "2003.04.10"]
[Round "7"]
[White "Madsen, Morten L"]
[Black "Brattetveit, Kenneth"]
[Result "0-1"]
[WhiteElo "1673"]
[BlackElo "1652"]
[PlyCount "146"]
[EventDate "2003.01.??"]
[EventType "tourn"]
[EventRounds "10"]
[EventCountry "NOR"]
[SourceTitle "EXT 2005"]
[Source "ChessBase"]
[SourceDate "2004.11.15"]
[SourceVersion "1"]
[SourceVersionDate "2004.11.15"]
[SourceQuality "1"]

1. e4 e6 2. d4 d5 3. Nc3 Nf6 4. e5 Nfd7 5. Nf3 Be7 6. Be3 b6 7. Be2 a6 8. 0-0 c5 9. Qd2 Nc6 10. Rfe1 Bb7 11. h3 h6 12. Nh2 Qc7 13. a3 0-0-0 14. Na4 cxd4 15. Bxd4 Nxd4 16. Qxd4 b5 17. Nc3 Bc5 18. Qd2 d4 19. Nd1 Nxe5 20. b4 Bd6 21. Nb2 Nc4 22. Bxc4 Bxh2+ 23. Kh1 bxc4 24. Nxc4 Qxc4 25. Kxh2 Qc7+ 26. Kg1 Rd5 27. a4 Rhd8 28. h4 g5 29. h5 R8d6 30. b5 Rc5 31. bxa6 Bxa6 32. Ra2 Qa5 33. Qd1 Rc4 34. Rb2 Rb6 35. Rxb6 Qxb6 36. Qf3 Qb7 37. Qf6 Rxc2 38. Qxd4 Qc7 39. Qh8+ Kb7 40. Qxh6 Rc1 41. Rxc1 Qxc1+ 42. Kh2 Qf4+ 43. Kg1 Be2 44. Qh7 g4 45. Qh8 Qxa4 46. h6 Qd1+ 47. Kh2 Qd6+ 48. Kg1 Bd3 49. h7 Bxh7 50. Qxh7 Qf4 51. Qd3 Kc6 52. Qd8 f5 53. Qe8+ Kd5 54. Qd7+ Qd6 55. Qb5+ Qc5 56. Qb7+ Qc6 57. Qb3+ Kd6 58. Qb4+ Kd7 59. Qd4+ Qd6 60. Qg7+ Qe7 61. Qd4+ Ke8 62. Qe5 Kf7 63. Qh8 Qf6 64. Qh7+ Kf8 65. Qc7 f4 66. Qd6+ Kf7 67. Qd7+ Kg6 68. Qe8+ Qf7 69. Qc6 Qf6 70. Qe8+ Qf7 71. Qc6 g3 72. Qf3 gxf2+ 73. Qxf2 Qf5 0-1

[Event "Birkerod Weekend-B 13th"]
[Site "Birkerod"]
[Date "2003.03.29"]
[Round "2"]
[White "Christiansen, Per"]
[Black "Madsen, Morten L"]
[Result "0-1"]
[WhiteElo "1802"]
[BlackElo "1755"]
[PlyCount "97"]
[EventDate "2003.03.28"]
[EventType "tourn"]
[EventRounds "6"]
[EventCountry "DEN"]
[SourceTitle "EXT 2023"]
[Source "ChessBase"]
[SourceDate "2022.10.05"]
[SourceVersion "1"]
[SourceVersionDate "2022.10.05"]
[SourceQuality "1"]

1. e4 c5 2. Nf3 d6 3. d4 cxd4 4. Nxd4 Nf6 5. Nc3 e6 6. Bg5 Be7 7. f4 Nc6 8. Nxc6 bxc6 9. e5 dxe5 10. Qxd8+ Bxd8 11. fxe5 Nd5 12. Bxd8 Kxd8 13. 0-0-0 Ke7 14. Ne4 Rb8 15. Be2 Nf4 16. Bf3 Ng6 17. g3 Nxe5 18. Bg2 Nc4 19. Rd4 Ne3 20. Bf3 Bb7 21. Nc5 Rhd8 22. Ra4 a6 23. Nxb7 Rxb7 24. Rxa6 Rdb8 25. b3 Rb6 26. Ra7+ R8b7 27. Rxb7+ Rxb7 28. Bxc6 Rc7 29. Be4 f5 30. Bd3 Ng4 31. Re1 Kf6 32. h3 Ne5 33. Re3 g5 34. Bf1 f4 35. gxf4 gxf4 36. Re1 Nf3 37. Rd1 e5 38. a4 Nd4 39. Rxd4 exd4 40. a5 Ke5 41. b4 Kd5 42. b5 Kc5 43. a6 Re7 44. Kd2 f3 45. Bd3 f2 46. Bf1 Kb4 47. Bg2 Kxb5 48. Kd3 Kxa6 49. Kxd4 0-1

[Event "Birkerod Weekend-B 13th"]
[Site "Birkerod"]
[Date "2003.03.29"]
[Round "3"]
[White "Madsen, Morten L"]
[Black "Guldborg, Bent"]
[Result "1-0"]
[WhiteElo "1755"]
[BlackElo "1656"]
[PlyCount "25"]
[EventDate "2003.03.28"]
[EventType "tourn"]
[EventRounds "6"]
[EventCountry "DEN"]
[SourceTitle "EXT 2023"]
[Source "ChessBase"]
[SourceDate "2022.10.05"]
[SourceVersion "1"]
[SourceVersionDate "2022.10.05"]
[SourceQuality "1"]

1. d4 d5 2. c4 e6 3. Nc3 Nf6 4. cxd5 exd5 5. Bg5 Be7 6. e3 0-0 7. Bd3 Ne4 8. Bxe7 Nxc3 9. Bxh7+ Kh8 10. Qh5 Bg4 11. Qxg4 Qxe7 12. Qh5 Qf6 13. Bg6+ 1-0

[Event "Sotra Varturneringen"]
[Site "Sotra"]
[Date "2003.03.20"]
[Round "5"]
[White "Madsen, Morten L"]
[Black "Garmannslund, Vidar"]
[Result "1-0"]
[WhiteElo "1673"]
[BlackElo "1600"]
[PlyCount "62"]
[EventDate "2003.01.??"]
[EventType "tourn"]
[EventRounds "10"]
[EventCountry "NOR"]
[SourceTitle "EXT 2005"]
[Source "ChessBase"]
[SourceDate "2004.11.15"]
[SourceVersion "1"]
[SourceVersionDate "2004.11.15"]
[SourceQuality "1"]

1. e4 c5 2. d4 cxd4 3. c3 dxc3 4. Nxc3 Nc6 5. Bc4 e6 6. Nf3 Nf6 7. e5 Ng4 8. Bf4 Bb4 9. 0-0 Bxc3 10. bxc3 Qa5 11. Qe2 Qa4 12. Rab1 b5 13. Rxb5 Ba6 14. Rc5 Bxc4 15. Rxc4 Qa3 16. h3 Nh6 17. Bxh6 gxh6 18. Qe4 Rb8 19. Rd1 Ne7 20. Rcd4 Qxc3 21. Rxd7 Ng6 22. Qa4 0-0 23. Qg4 Rb4 24. Qh5 Kg7 25. R7d4 Rxd4 26. Rxd4 Qa1+ 27. Kh2 Qxa2 28. Kg3 Rc8 29. Nh2 Rc4 30. Ng4 Kf8 31. Qxh6+ Ke8 1-0

[Event "Frederikssund DSU 100 years D"]
[Site "Frederikssund"]
[Date "2003.02.09"]
[Round "4"]
[White "Madsen, Morten L"]
[Black "Aager, Arvid"]
[Result "1-0"]
[WhiteElo "1650"]
[BlackElo "1647"]
[PlyCount "171"]
[EventDate "2003.02.07"]
[EventType "tourn"]
[EventRounds "5"]
[EventCountry "DEN"]
[SourceTitle "EXT 2023"]
[Source "ChessBase"]
[SourceDate "2022.10.05"]
[SourceVersion "1"]
[SourceVersionDate "2022.10.05"]
[SourceQuality "1"]

1. d4 Nf6 2. c4 g6 3. Nc3 d5 4. Bg5 Ne4 5. Nxe4 dxe4 6. e3 c6 7. Qd2 Bg7 8. Ne2 c5 9. Nc3 cxd4 10. exd4 Qxd4 11. Qxd4 Bxd4 12. Nd5 Kd7 13. 0-0-0 Nc6 14. Nxe7 Nxe7 15. Rxd4+ Ke8 16. Rxe4 Be6 17. Be2 h5 18. Re1 Rc8 19. b3 Kf8 20. Bf6 Rh7 21. Kb2 Ng8 22. Bd4 b6 23. Rf4 g5 24. Rf3 Rh6 25. h3 Rd8 26. Bc3 Rd7 27. Rd1 Rxd1 28. Bxd1 g4 29. hxg4 hxg4 30. Rf4 f5 31. Bxg4 Rh4 32. f3 Ke7 33. Bb4+ Kd8 34. Rd4+ Bd7 35. Rf4 Nh6 36. Bc3 Ng8 37. Rxf5 Bxf5 38. Bxf5 Ke7 39. Bh3 Rh6 40. Ka3 Rg6 41. Kb4 Kd8 42. Kb5 Kc7 43. Bf5 Rxg2 44. Be6 Ne7 45. a3 Rg5+ 46. Ka6 Nc6 47. Bd5 Rf5 48. Be4 Rf7 49. Bd5 Rh7 50. Kb5 Rh5 51. Ka4 Ne7 52. Be4 a6 53. f4 Nc6 54. f5 Rh4 55. Bxc6 Kxc6 56. f6 Rf4 57. Kb4 Rf5 58. a4 a5+ 59. Ka3 Rf3 60. Kb2 Kc5 61. Kc2 Rf2+ 62. Kd3 Kd6 63. Ke3 Rf5 64. Bd4 Kc6 65. Ke4 Rf1 66. Ke5 Rf3 67. Ke6 Rf1 68. Ke7 Rd1 69. f7 Re1+ 70. Kf6 Rf1+ 71. Kg7 Kb7 72. f8Q Rxf8 73. Kxf8 Kc6 74. Ke7 Kb7 75. Kd7 Ka6 76. Kc6 Ka7 77. Bxb6+ Kb8 78. Bxa5 Ka7 79. b4 Kb8 80. b5 Ka7 81. b6+ Kb8 82. b7 Ka7 83. Bd2 Kb8 84. Bf4+ Ka7 85. b8Q+ Ka6 86. Qb6# 1-0

[Event "Frederikssund DSU 100 years D"]
[Site "Frederikssund"]
[Date "2003.02.08"]
[Round "2"]
[White "Madsen, Morten L"]
[Black "Poulsen, Knud"]
[Result "1-0"]
[WhiteElo "1650"]
[BlackElo "1682"]
[PlyCount "72"]
[EventDate "2003.02.07"]
[EventType "tourn"]
[EventRounds "5"]
[EventCountry "DEN"]
[SourceTitle "EXT 2023"]
[Source "ChessBase"]
[SourceDate "2022.10.05"]
[SourceVersion "1"]
[SourceVersionDate "2022.10.05"]
[SourceQuality "1"]

1. d4 d5 2. c4 c6 3. Nc3 e6 4. cxd5 exd5 5. Qc2 g6 6. e3 Bg7 7. Bd3 f5 8. Nge2 Nf6 9. 0-0 0-0 10. b4 Nh5 11. b5 Rf6 12. bxc6 Nxc6 13. Nxd5 Rd6 14. Ndf4 Nxf4 15. Nxf4 Kh8 16. Rb1 Ne7 17. Ba3 Rc6 18. Qb3 g5 19. Nh5 Ng6 20. Nxg7 Kxg7 21. d5 Rb6 22. Qc3+ Kh6 23. Qd4 Nh4 24. d6 g4 25. Qf4+ Kh5 26. Rfc1 Ng6 27. Qd4 Nh4 28. Rc7 Qg8 29. d7 Nf3+ 30. gxf3 gxf3+ 31. Kf1 Qg2+ 32. Ke1 Qg1+ 33. Kd2 Qxf2+ 34. Kc3 Qxa2 35. d8Q Qxa3+ 36. Kd2 Rb2+ 1-0

[Event "Sotra op"]
[Site "Sotra"]
[Date "2002.11.21"]
[Round "9"]
[White "Vardal, Hallstein"]
[Black "Madsen, Morten L"]
[Result "1/2-1/2"]
[WhiteElo "1816"]
[BlackElo "1677"]
[PlyCount "68"]
[EventDate "2002.08.??"]
[EventType "swiss"]
[EventRounds "9"]
[EventCountry "NOR"]
[SourceTitle "EXT 2005"]
[Source "ChessBase"]
[SourceDate "2004.11.15"]
[SourceVersion "1"]
[SourceVersionDate "2004.11.15"]
[SourceQuality "1"]

1. Nf3 d5 2. d4 c6 3. c4 e6 4. Nc3 Nf6 5. e3 Nbd7 6. Bd3 Bd6 7. 0-0 0-0 8. e4 dxe4 9. Nxe4 Nxe4 10. Bxe4 h6 11. Qc2 Nf6 12. Bd3 c5 13. dxc5 Bxc5 14. Bf4 Qe7 15. Ne5 b6 16. Be2 Bb7 17. Bf3 Bxf3 18. Nxf3 Rac8 19. Qe2 Rfd8 20. Rac1 Qb7 21. h3 Qe4 22. Qxe4 Nxe4 23. Rc2 g5 24. Bc1 Rd6 25. Re1 Nf6 26. Be3 Bxe3 27. Rxe3 Rd1+ 28. Re1 Rxe1+ 29. Nxe1 Rd8 30. Kf1 Kf8 31. Ke2 Ke7 32. Nf3 Rd6 33. b3 Nd7 34. Rd2 Rxd2+ 1/2-1/2

[Event "Sotra op"]
[Site "Sotra"]
[Date "2002.10.10"]
[Round "5"]
[White "Madsen, Morten L"]
[Black "Andersen, Reidar"]
[Result "1-0"]
[WhiteElo "1677"]
[BlackElo "1233"]
[PlyCount "67"]
[EventDate "2002.08.??"]
[EventType "swiss"]
[EventRounds "9"]
[EventCountry "NOR"]
[SourceTitle "EXT 2005"]
[Source "ChessBase"]
[SourceDate "2004.11.15"]
[SourceVersion "1"]
[SourceVersionDate "2004.11.15"]
[SourceQuality "1"]

1. e4 e5 2. Nf3 d6 3. Bc4 Be7 4. d4 exd4 5. Nxd4 Nf6 6. Nc3 0-0 7. Be3 c5 8. Nde2 Nc6 9. Qd2 Ne5 10. Bd5 Rb8 11. a4 b6 12. 0-0 Be6 13. Nf4 Nc4 14. Qd3 Nxe3 15. Nxe6 fxe6 16. Bxe6+ Kh8 17. Qxe3 Qe8 18. Rfd1 a6 19. Qe2 b5 20. axb5 axb5 21. Ra7 b4 22. Nd5 Nxd5 23. Bxd5 Bf6 24. b3 Bd4 25. Rf1 Rd8 26. g3 Qg6 27. Kg2 Be5 28. Qd2 Rf6 29. f4 Rdf8 30. Kh1 Bd4 31. Qe2 h6 32. f5 Qg5 33. Rf4 Rg6 34. fxg6 1-0

[Event "Sotra op"]
[Site "Sotra"]
[Date "2001.11.15"]
[Round "8"]
[White "Kallesoe, Torben"]
[Black "Madsen, Morten L"]
[Result "0-1"]
[WhiteElo "1339"]
[BlackElo "1428"]
[PlyCount "90"]
[EventDate "2001.09.??"]
[EventType "swiss"]
[EventRounds "9"]
[EventCountry "NOR"]
[SourceTitle "EXT 2005"]
[Source "ChessBase"]
[SourceDate "2004.11.15"]
[SourceVersion "1"]
[SourceVersionDate "2004.11.15"]
[SourceQuality "1"]

1. d4 d5 2. Nf3 Nf6 3. c4 c6 4. Nc3 Bf5 5. e3 e6 6. Be2 Be7 7. 0-0 0-0 8. Re1 b6 9. Ne5 Bd6 10. Bf3 Qc7 11. cxd5 exd5 12. e4 Nxe4 13. Nxe4 Bxe4 14. Bxe4 dxe4 15. Rxe4 Nd7 16. Bf4 Nxe5 17. Bxe5 Rfe8 18. Qe2 Bxe5 19. Rxe5 Rxe5 20. Qxe5 Qxe5 21. dxe5 Rd8 22. Kf1 Rd2 23. b4 Kf8 24. a4 Rd4 25. b5 c5 26. g3 g5 27. a5 Rb4 28. axb6 axb6 29. Rd1 Rxb5 30. f4 gxf4 31. gxf4 Rb4 32. Rd5 Rxf4+ 33. Ke2 Ke7 34. Ke3 Rd4 35. Rxd4 cxd4+ 36. Kxd4 Ke6 37. Ke4 b5 38. Kd4 b4 39. h4 b3 40. Kc3 Kxe5 41. Kxb3 Ke4 42. Kc2 Ke3 43. Kd1 Kf2 44. Kd2 f5 45. Kd1 f4 0-1

[Event "Sotra op"]
[Site "Sotra"]
[Date "2001.11.08"]
[Round "7"]
[White "Woldseth, Ole"]
[Black "Madsen, Morten L"]
[Result "1/2-1/2"]
[WhiteElo "1777"]
[BlackElo "1428"]
[PlyCount "32"]
[EventDate "2001.09.??"]
[EventType "swiss"]
[EventRounds "9"]
[EventCountry "NOR"]
[SourceTitle "EXT 2005"]
[Source "ChessBase"]
[SourceDate "2004.11.15"]
[SourceVersion "1"]
[SourceVersionDate "2004.11.15"]
[SourceQuality "1"]

1. d4 Nf6 2. Nf3 c5 3. d5 d6 4. Nc3 g6 5. e4 Nbd7 6. Be2 Bg7 7. 0-0 0-0 8. Nd2 a6 9. a4 Ne8 10. f4 Bd4+ 11. Kh1 Ndf6 12. Bf3 Bd7 13. Ne2 Ng4 14. Bxg4 Bxg4 15. h3 Bxe2 16. Qxe2 Nc7 1/2-1/2

[Event "Sotra op"]
[Site "Sotra"]
[Date "2001.10.11"]
[Round "5"]
[White "Madsen, Morten L"]
[Black "Brattetveit, Kenneth"]
[Result "1-0"]
[WhiteElo "1428"]
[BlackElo "1717"]
[PlyCount "97"]
[EventDate "2001.09.??"]
[EventType "swiss"]
[EventRounds "9"]
[EventCountry "NOR"]
[SourceTitle "EXT 2005"]
[Source "ChessBase"]
[SourceDate "2004.11.15"]
[SourceVersion "1"]
[SourceVersionDate "2004.11.15"]
[SourceQuality "1"]

1. e4 e6 2. d4 d5 3. exd5 exd5 4. Nf3 Bd6 5. Bd3 Nf6 6. 0-0 0-0 7. Bg5 Bg4 8. Nbd2 Nbd7 9. c3 c5 10. dxc5 Nxc5 11. Qc2 h6 12. Be3 Nxd3 13. Qxd3 Re8 14. Nd4 Bh5 15. h3 Bg6 16. Qb5 Qe7 17. N2f3 Be4 18. Rfe1 a6 19. Qb3 Qd7 20. Nh2 g5 21. Qd1 Kh7 22. Ng4 Nh5 23. Ne5 Rxe5 24. Qxh5 Bg6 25. Qd1 Rae8 26. Qd2 Be4 27. f3 Bg6 28. Bf2 R5e7 29. Rxe7 Rxe7 30. Re1 Bf4 31. Rxe7 Qxe7 32. Qe1 Qd7 33. Qe2 Kg7 34. Nb3 Qf5 35. Bd4+ f6 36. Kf2 Bf7 37. Nc5 Be5 38. Bxe5 fxe5 39. Nxb7 Qd7 40. Qxe5+ Kg6 41. Nc5 Qb5 42. Qd6+ Kg7 43. b4 Qc4 44. Qe5+ Kh7 45. a4 a5 46. Qd4 Qa2+ 47. Kg3 axb4 48. cxb4 Bg6 49. Ne6 1-0